Pandémia COVID-19 a transformácia medzinárodných obchodných modelov vo vybranom odvetví bakalárska práca

Saved in:
Bibliographic Details
Main Author: Nemec, Martin
Corporate Author: Obchodná fakulta EU. Katedra medzinárodného obchodu
Other Authors: Pásztorová, Janka, 1960-
Format: Book
Language:Slovak
Published: Bratislava 2021
Tags: Add Tag
No Tags, Be the first to tag this record!

MARC

LEADER 00000nbm a2200000 4500
001 0278228
005 20230113111342.6
041 0 |a slo 
044 |a SK 
245 1 0 |a Pandémia COVID-19 a transformácia medzinárodných obchodných modelov vo vybranom odvetví  |b bakalárska práca  |c Martin Nemec ; školiteľ: Janka Pásztorová 
264 1 |a Bratislava  |c 2021 
300 |a 60 s. 
100 1 |a Nemec, Martin 
700 1 |a Pásztorová, Janka, 1960- 
710 2 |a Obchodná fakulta EU. Katedra medzinárodného obchodu